| 000 | 00792nam a2200241 a 4500 | ||
|---|---|---|---|
| 005 | 20210219160022.0 | ||
| 008 | 080612s1986 mx r 000 0 spa d | ||
| 020 | _a9681203402 | ||
| 035 | _aUPN01000156839 | ||
| 049 | _aUNE | ||
| 080 | _a342.1 (72) POD. | ||
| 245 | 0 | 0 |
_aPoder local, poder regional / _ccomps. Jorge Padua, Alain Vanneph. |
| 260 |
_aMéxico : _bEl colegio de México ; _aParís : _bUniversidad de París, _c1986. |
||
| 300 |
_a287 p. : _bfot. |
||
| 690 | _aPoder político - México | ||
| 690 | _aMéxico - Poder político | ||
| 690 | _aCiencias políticas - México | ||
| 700 | 1 |
_aPadua Jorge, _ecomp. |
|
| 700 | 1 |
_aVanneph, Alain, _ecomp. |
|
| 710 | 2 | _aEl Colegio de México. Centro de Estudios Sociológicos | |
| 710 | 2 | _aUniversidad de París | |
| 905 | _aUNESCO | ||
| 999 |
_c128953 _d128953 |
||